000 01037nam a22002417a 4500
005 20180716131705.0
008 100928t xxu||||| |||| 00| 0 hin d
010 _aHIN-90693
020 _c120.00
_a8187482036
035 _aHN-63039, B-011455
037 _bDBAD / PUB
040 _aDPL
_bHN
082 _a
100 _922145
_aवर्मा, श्रीराम
245 _aबीच में एक बच्चा /
_cश्रीराम वर्मा
246 _aBeech mein ek bachha
_bby Uma Shri Ram Verma
260 _aबीकानेर
_bवाग्देवी प्रकाशन
_c2010
270 _aविनायक शिखर, पॉलिटेक्निक कॉलेज के पास
_bबीकानेर
_e334003
_mvagdevibooks@gmail.com
300 _a144पृ.
_c22सेमी (सजिल्द)
650 _91169
_aलधु कहानियाँ, हिन्दी
650 _aShort Stories, Hindi
_922409
942 _2ddc
_cHN
_h
_mवर्माश्री
999 _c48051
_d48051